Alcora en Nueva York (Record no. 511)

MARC details
000 -CABECERA
campo de control de longitud fija 00997nam a2200253 a 4500
001 - NÚMERO DE CONTROL
campo de control BRCA_582
005 - FECHA Y HORA DE LA ÚLTIMA TRANSACCIÓN
campo de control 20190320203055.0
008 - DATOS DE LONGITUD FIJA--INFORMACIÓN GENERAL
campo de control de longitud fija 050908s2005 sp-a---##b---#000-0#spa-d
020 ## - NÚMERO INTERNACIONAL ESTÁNDAR DEL LIBRO
Número Internacional Estándar del Libro 8460948137
040 ## - FUENTE DE LA CATALOGACIÓN
Centro catalogador/agencia de origen NAnB-G
Centro/agencia transcriptor NAnB-G
Centro/agencia modificador DLC
041 ## - CÓDIGO DE LENGUA
Código de lengua del texto/banda sonora o título independiente spa
041 ## - CÓDIGO DE LENGUA
Código de lengua del texto/banda sonora o título independiente eng
050 #4 - SIGNATURA TOPOGRÁFICA DE LA BIBLIOTECA DEL CONGRESO
Número de clasificación NK4210.A5
Número de documento/Ítem .A53 2005
245 10 - MENCIÓN DE TÍTULO
Título Alcora en Nueva York
Resto del título la colección de cerámica de Alcora
Mención de responsabilidad, etc. edición Lourdes de Sanjosé Llongueras.
260 ## - PUBLICACIÓN, DISTRIBUCIÓN, ETC.
Lugar de publicación, distribución, etc. Nueva York
Nombre del editor, distribuidor, etc. The Hispanic Society of Art : Real Fábrica de Loza de Alcora
Fecha de publicación, distribución, etc. 2005
300 ## - DESCRIPCIÓN FÍSICA
Extensión 382 p.
Otras características físicas il. a color
Dimensiones 30 cm.
500 ## - NOTA GENERAL
Nota general Catálogo de la exposición realizada en el Museo de Bellas Artes de Castellón (Castellón, España), 2005
500 ## - NOTA GENERAL
Nota general 2do. ejemplar en el Área de Investigación
504 ## - NOTA DE BIBLIOGRAFÍA, ETC.
Nota de bibliografía, etc. Bibliografía: p. 373-382
546 ## - NOTA DE LENGUA/LENGUAJE
Nota de lengua/lenguaje Texto en español e inglés
610 24 - PUNTO DE ACCESO ADICIONAL DE MATERIA--NOMBRE DE ENTIDAD CORPORATIVA
Nombre de entidad corporativa o nombre de jurisdicción como elemento de entrada Fábrica de Cerámica de Alcora
Subdivisión de forma Exposiciones
9 (RLIN) 2004
650 14 - PUNTO DE ACCESO ADICIONAL DE MATERIA--TÉRMINO DE MATERIA
Término de materia o nombre geográfico como elemento de entrada Cerámica española
Subdivisión de forma Exposiciones
Subdivisión cronológica Siglos XVIII y XIX
Subdivisión geográfica España
9 (RLIN) 2005
942 ## - ELEMENTOS DE PUNTO DE ACCESO ADICIONAL (KOHA)
Fuente del sistema de clasificación o colocación Library of Congress Classification
Tipo de ítem Koha Libros
Holdings
Estado de retiro Estado de pérdida Estado dañado No para préstamo Localización permanente Ubicación/localización actual Fecha de adquisición Total de préstamos Signatura topográfica completa Código de barras Fecha visto por última vez Precio válido a partir de Tipo de ítem Koha Código de colección
El ejemplar forma parte de la colección y puede ser consultado según las políticas vigentes.       Biblioteca del Museo Franz Mayer (Rogerio Casas-Alatriste) Biblioteca del Museo Franz Mayer (Rogerio Casas-Alatriste) 25/06/2008   NK4210.A5 .A53 2005 00898 22/03/2019 22/03/2019 Libros  
El ejemplar forma parte de la colección y puede ser consultado según las políticas vigentes.       Biblioteca del Museo Franz Mayer (Rogerio Casas-Alatriste) Biblioteca del Museo Franz Mayer (Rogerio Casas-Alatriste) 02/02/2012   NK4210.A5 .A53 2005 02575 22/03/2019 22/03/2019 Libros Acervo General